| 000 | 01069nam a2200289 i 4500 | ||
|---|---|---|---|
| 001 | 13045 | ||
| 003 | KOSZ 005 | ||
| 005 | 20240405063015.0 | ||
| 008 | 070718s1970 pl g 000 0 pol | ||
| 015 | _aPB 1970/4550 | ||
| 040 |
_aWA N _cWA N _dKOSZ 005/ID |
||
| 080 | _a943.8:323.2(438):355(438):396(438):92 | ||
| 245 | 0 | 0 |
_aKobieta w walce / _cdobór materiałów i oprac. literackie Andrzej Gierczak. |
| 260 |
_aWarszawa : _bWydawnictwo Ministerstwa Obrony Narodowej, _c1970. |
||
| 300 |
_a341, [2] s. ; _c18 cm. |
||
| 380 | _aKsiążki. | ||
| 500 | _aWspomienia z drugiej wojny światowej. | ||
| 650 | 4 |
_aKobieta _zPolska _y20 w. |
|
| 655 | 4 |
_aPamiętniki polskie _y20 w. |
|
| 648 | 4 | _a1901-2000 | |
| 651 | 4 | _aPolska | |
| 650 | 4 | _aII wojna światowa (1939-1945) | |
| 700 | 1 |
_aGierczak, Andrzej. _eOpracowanie |
|
| 710 | 2 |
_aWydawnictwo Ministerstwa Obrony Narodowej _4pbl. |
|
| 856 |
_uhttp://koha.tu.koszalin.pl/cgi-bin/koha/opac-detail.pl?biblionumber=13045 _yKatalog online BPK |
||
| 942 |
_2UKD _cKS |
||
| 999 |
_c13045 _d13045 |
||